El financiamiento del comercio exterior en los países en desarrollo

Kancelária konferencie o zahraničnom obchode a rozvoji UNCTAD v r. 1992 predkladá problémy financovania zahraničného obchodu rozvojových krajín a medzinárodných finančných organizácií s perspektívou posilniť existujúce systémy a stanoviť interregionálny mechanizmus schopný financovať zahraničný obch...

Description complète

Enregistré dans:
Détails bibliographiques
Format: Chapitre de livre
Langue:espagnol
Sujets:
Tags: Ajouter un tag
Pas de tags, Soyez le premier à ajouter un tag!

MARC

LEADER 00000naa a2200000 4500
001 r013409
005 20221213090321.6
041 0 |a spa 
044 |a MX 
245 1 0 |a El financiamiento del comercio exterior en los países en desarrollo 
520 |a Kancelária konferencie o zahraničnom obchode a rozvoji UNCTAD v r. 1992 predkladá problémy financovania zahraničného obchodu rozvojových krajín a medzinárodných finančných organizácií s perspektívou posilniť existujúce systémy a stanoviť interregionálny mechanizmus schopný financovať zahraničný obchod Juh-Juh netradičnými výrobkami. Úloha bánk. 
610 2 0 |a obchod zahraničný 
610 2 0 |a financovanie 
610 2 0 |a krajiny rozvojové 
610 2 0 |a UNCTAD 
610 2 0 |a konferencie 
610 2 0 |a 1992 
610 2 0 |a Juh-Juh 
610 2 0 |a vzťahy hospodárske vonkajšie 
610 2 0 |a banky